000 00295nam a22001337a 4500
008 170602b xxu||||| |||| 00| 0 eng d
020 _a9780073000923
041 _aeng
080 _26TH
_a93
100 _a17
101 _aSHH
245 _aNATIONS AT DAWN
_cSTOESSINGER, J.G
942 _2udc
_cBK
999 _c15651
_d15651